00430nam a2200193Ia 4500001000700000003000500007008004100012010001100053040000900064082001500073100001700088245005000105260003700155300001200192440000500204500000500209503000500214650001700219Z_4648CHAP220113s1973 xx 000 0 und d a167723 cCHAP a591.842 G7 aGreep, Roy O aHistology /cpor Roy O Greep and Leon Weiss aNew York :bMc Graw-Hill,c1973 a1044 p. a a a aHistología